000 00777cab a2200265 4500
001 WB2942-08
008 090401t1993 xxu||||| |||| 00| 0 eng d
035 _a(Sirsi) u67549
041 _aeng
245 _aNHS repair bill
260 _c1993
350 _a0
490 _aIndependent
_v8 November 1993, 2(1)
520 _aThe Labour Party reckons that the backlog of NHS repairs has reached £2.2bn, the backlog rising by 40% since 1990.
650 _aBACKLOG
650 _aCAPITAL PROJECTS
650 _aCOSTS
650 _aHOSPITALS
650 _aBUILT ENVIRONMENT-BUILDING MAINTENANCE AND REFURBISHMENT
650 _aNHS PROPERTY
650 _aREPAIRS
690 _aBUILDING AND CONSTRUCTION-REPAIRS AND MAINTENANCE
942 _n0
948 _c04/03/1997
999 _c42265
_d42265